| 000 | 00470nam a22001457a 4500 | ||
|---|---|---|---|
| 003 | OSt | ||
| 008 | 260429b |||||||| |||| 00| 0 eng d | ||
| 020 | _a9789388449687 | ||
| 082 |
_a372.6 _bK11C |
||
| 245 | _aCommunication skills and personality develpment /by J.R. Kadam...[et al.] | ||
| 260 |
_aJodhpur: _bScientific Publications; _c2024. |
||
| 300 | _a172 p. | ||
| 700 | _aSocial Sciences | Education | Communication Skills | Personality Development | ||
| 942 |
_2ddc _cBK |
||
| 999 |
_c50286 _d50286 |
||